El bosque insobornable / (Record no. 6002)

MARC details
000 -LEADER
campo de control de longitud fija 00594nam a2200217 i 4500
001 - NÚMERO DE CONTROL
campo de control 6002
003 - IDENTIFICADOR DE NÚMERO DE CONTROL
campo de control ES-MaACL
005 - FECHA Y HORA DE LA ÚLTIMA TRANSACCIÓN
campo de control 20250315062538.0
008 - DATOS DE LONGITUD FIJA--INFORMACIÓN GENERAL
campo de control de longitud fija 890622s1988 sp ||||1| spa d
020 ## - NÚMERO INTERNACIONAL ESTÁNDAR DEL LIBRO
Número Internacional Estándar del Libro 84-321-2403-6
080 ## - NÚMERO DE LA CLASIFICACIÓN DECIMAL UNIVERSAL
Número de la Clasificación Decimal Universal 821.134.2-14"19"
100 1# - ENTRADA PRINCIPAL--NOMBRE DE PERSONA
Nombre de persona Serradilla, Francisco.
9 (RLIN) 105668
245 13 - MENCIÓN DEL TÍTULO
Título El bosque insobornable /
Mención de responsabilidad, etc. Francisco Serradilla.
260 ## - PUBLICACIÓN, DISTRIBUCIÓN, ETC.
Lugar de publicación, distribución, etc. Madrid :
Nombre del editor, distribuidor, etc. Rialp,
Fecha de publicación, distribución, etc. 1988.
300 ## - DESCRIPCIÓN FÍSICA
Extensión 80 p. ;
Dimensiones 18 cm.
490 1# - MENCIÓN DE SERIE
Mención de serie Adonáis ;
Designación de volumen o secuencia 449
586 ## - NOTA DE PREMIOS
Nota de premios Premio Adonáis 1987
830 10 - PUNTO DE ACCESO ADICIONAL DE SERIE-TÍTULO UNIFORME
Título uniforme Adonáis
Designación de volumen o secuencia 449
9 (RLIN) 173743
852 ## - LOCALIZACIÓN
Ubicación ES-MaACL
Número de control de estantería J-23-449
Holdings
Estatus retirado Estado de pérdida Estado de daño No para préstamo Biblioteca de origen Biblioteca actual Ubicación en estantería Fecha de adquisición Fuente de adquisición Total de préstamos Signatura topográfica completa Código de barras Visto por última vez Precio de reemplazo Tipo de ítem Koha
        Biblioteca del Ateneo de Madrid Biblioteca del Ateneo de Madrid Depósito 2 17/01/2008     J-23-449 1006100 23/02/2023 23/02/2023 Libro impreso